| 000 | 00720nam a22002417a 4500 | ||
|---|---|---|---|
| 001 | 0074 | ||
| 003 | DO-SdBNP | ||
| 005 | 20180131152712.0 | ||
| 007 | 0074 | ||
| 008 | 151023b 1997 sp |||| 00| 0 spa d | ||
| 020 | _a9788427234543 | ||
| 040 |
_aBPMSU _bspa _cBPMSU |
||
| 092 |
_axxxxxxxxx _bxxxxxxxxx |
||
| 100 | _aBlyton, Enid | ||
| 245 | 1 | 4 |
_aLas mellizas en Santa Clara / _cEnid Blyton ; traducción C. Peraire del Molino ; ilustración José María Bea |
| 260 |
_aBarcelona, España : _bMolino, _c1997 |
||
| 300 |
_a188 p. : _bil., _c18 cm. |
||
| 700 | 1 | 0 |
_aPeraire Molino, C. del, _etr. |
| 700 | 1 | 0 |
_aBea, José María, _eil. |
| 942 |
_2ddc _cBK |
||
| 945 | _aInventariado, 2018/ YL | ||
| 956 | _aBrenda Tavárez | ||
| 999 |
_c8443 _d8443 |
||